[Event "España ch 2006 Grupo A"]
[Site "Leon ESP"]
[Date "2006.11.22"]
[Round "1.2"]
[White "Rivas Pastor, Manuel"]
[Black "Narciso Dublan, Marc"]
[Result "1/2-1/2"]
[WhiteElo "2511"]
[BlackElo "2511"]
[PlyCount "108"]
[EventDate "2006.11.22"]
[EventType "tourn"]
[EventRounds "5"]
[EventCountry "ESP"]
[EventCategory "9"]
[Source "lmi"]
[SourceDate "2006.11.22"]

1. e4 d6 2. c4 Nf6 3. Nc3 g6 4. d4 Bg7 5. Be2 O-O 6. Be3 e5 7. d5 Na6 8. g4 Nc5
9. f3 a5 10. h4 c6 11. h5 cxd5 12. cxd5 a4 13. Nh3 Bd7 14. Qd2 Qa5 15. Nf2 b5
16. Kf1 b4 17. Ncd1 Bb5 18. Kg2 Rfc8 19. Rc1 Bxe2 20. Qxe2 a3 21. hxg6 hxg6 22.
b3 Nxb3 23. axb3 Rxc1 24. Bxc1 a2 25. Bb2 a1=Q 26. Bxa1 Qxa1 27. Nd3 Qd4 28.
N1f2 Ra3 29. Qc2 Qc3 30. Rc1 Qxc2 31. Rxc2 Rxb3 32. Rc4 Bh6 33. Rxb4 Rxb4 34.
Nxb4 Ne8 35. Kf1 Nc7 36. Ke2 Kf8 37. Kd3 Ke8 38. Kc4 Be3 39. Nd1 Bd2 40. Nc6
Kd7 41. Nb2 Be1 42. Nd3 Bd2 43. Ndb4 Bxb4 44. Kxb4 f5 45. g5 fxe4 46. fxe4 Ne8
47. Kb5 Ng7 48. Kb6 Nh5 49. Nb8+ Ke8 50. Kc6 Ng3 51. Kxd6 Nxe4+ 52. Kxe5 Nxg5
53. Na6 Nf7+ 54. Kf6 Kd7 1/2-1/2

[Event "España ch 2006 Grupo A"]
[Site "Leon ESP"]
[Date "2006.11.23"]
[Round "2.1"]
[White "Herraiz Hidalgo, Herminio"]
[Black "Garcia Castro, Pablo"]
[Result "1-0"]
[WhiteElo "2493"]
[BlackElo "2390"]
[PlyCount "83"]
[EventDate "2006.11.22"]
[EventType "tourn"]
[EventRounds "5"]
[EventCountry "ESP"]
[EventCategory "9"]
[Source "lmi"]
[SourceDate "2006.11.22"]

1. Nf3 d6 2. d4 Nf6 3. c4 Nbd7 4. Nc3 e5 5. e4 Be7 6. Be2 c6 7. O-O O-O 8. Be3
Ng4 9. Bd2 Qe8 10. d5 Bd8 11. dxc6 bxc6 12. b4 Bb7 13. Bg5 Bc7 14. Nd2 f6 15.
Bh4 Nh6 16. Nb3 g5 17. Bg3 Qe7 18. Rc1 f5 19. f3 Rad8 20. Bf2 Bb6 21. Bxb6 axb6
22. Qd2 f4 23. a4 Nf6 24. b5 Kh8 25. Qe1 Ra8 26. Ra1 Qc7 27. Qf2 c5 28. Ra2 Nf7
29. a5 bxa5 30. Rfa1 Nd8 31. Nd5 Bxd5 32. exd5 e4 33. fxe4 Nxe4 34. Qf3 Re8 35.
Bd3 Nf6 36. Nxa5 Qg7 37. Bf5 Qe7 38. Qc3 Qe5 39. Qxe5 Rxe5 40. Nc6 Rxa2 41.
Rxa2 Re8 42. b6 1-0

[Event "España ch 2006 Grupo A"]
[Site "Leon ESP"]
[Date "2006.11.24"]
[Round "3.1"]
[White "Rivas Pastor, Manuel"]
[Black "Herraiz Hidalgo, Herminio"]
[Result "0-1"]
[WhiteElo "2511"]
[BlackElo "2493"]
[PlyCount "94"]
[EventDate "2006.11.22"]
[EventType "tourn"]
[EventRounds "5"]
[EventCountry "ESP"]
[EventCategory "9"]
[Source "lmi"]
[SourceDate "2006.11.22"]

1. c4 f5 2. Nc3 Nf6 3. g3 g6 4. Bg2 d6 5. d3 Nc6 6. e4 e5 7. Nge2 Bg7 8. O-O
O-O 9. exf5 Bxf5 10. h3 Qd7 11. g4 Be6 12. f4 Kh8 13. Ng3 exf4 14. Bxf4 Nd4 15.
Qd2 d5 16. b3 Rad8 17. Rf2 dxc4 18. dxc4 Bxg4 19. hxg4 Nxg4 20. Rff1 Ne6 21.
Rad1 Qd4+ 22. Qxd4 Bxd4+ 23. Rxd4 Rxd4 24. Bc1 Rxf1+ 25. Kxf1 Rd3 26. Nge4 Ne3+
27. Bxe3 Rxe3 28. Nd5 Rd3 29. Ke2 Rd4 30. Ke3 c6 31. Ndf6 Rd8 32. Bh3 Nd4 33.
Nc5 b6 34. Ncd7 c5 35. Ke4 Nc6 36. Kd5 Nb8 37. Kd6 Nxd7 38. Nxd7 Re8 39. Be6
Kg7 40. a4 h5 41. a5 h4 42. Bd5 g5 43. axb6 axb6 44. Nxb6 g4 45. b4 cxb4 46. c5
b3 47. Bxb3 g3 0-1

[Event "España ch 2006 Grupo A"]
[Site "Leon ESP"]
[Date "2006.11.24"]
[Round "3.3"]
[White "Garcia Castro, Pablo"]
[Black "Narciso Dublan, Marc"]
[Result "0-1"]
[WhiteElo "2390"]
[BlackElo "2511"]
[PlyCount "122"]
[EventDate "2006.11.22"]
[EventType "tourn"]
[EventRounds "5"]
[EventCountry "ESP"]
[EventCategory "9"]
[Source "lmi"]
[SourceDate "2006.11.22"]

1. Nf3 Nf6 2. d3 d5 3. Nbd2 c5 4. e4 Nc6 5. Be2 g6 6. O-O Bg7 7. c3 O-O 8. h3
Qc7 9. Nh2 Rd8 10. Qc2 e5 11. Nb3 b6 12. Bg5 h6 13. Bxf6 Bxf6 14. exd5 Rxd5 15.
Bf3 Rd8 16. Ng4 Bg7 17. Ne3 Be6 18. Rad1 Rac8 19. Rfe1 f5 20. Nd2 b5 21. a4 a6
22. axb5 axb5 23. Ra1 Rd6 24. Nb3 Qb6 25. Bxc6 Rdxc6 26. Ra2 c4 27. dxc4 bxc4
28. Nd2 e4 29. Nef1 Bf8 30. Re2 Qd8 31. Ng3 Bc5 32. Ndf1 Rd6 33. Qc1 Qh4 34.
Ra5 Bb6 35. Rb5 Rcd8 36. Qa1 Qf4 37. Qa3 h5 38. Qb4 Ba7 39. Rb7 h4 40. Rxa7
hxg3 41. fxg3 Qe5 42. Qa5 Qxa5 43. Rxa5 Rd1 44. Kf2 Rb8 45. Ne3 Rb1 46. Ra2 g5
47. Ra6 Kf7 48. Ra7+ Kf6 49. Rc7 f4 50. gxf4 gxf4 51. Ng4+ Bxg4 52. hxg4 R8xb2
53. Rxb2 Rxb2+ 54. Kf1 Kg5 55. Rxc4 e3 56. Rc8 Kh4 57. g5 Rf2+ 58. Ke1 Rxg2 59.
Re8 Kg3 60. g6 Kf3 61. Kd1 Rxg6 0-1

[Event "España ch 2006 Grupo A"]
[Site "Leon ESP"]
[Date "2006.11.25"]
[Round "4.1"]
[White "Herraiz Hidalgo, Herminio"]
[Black "Narciso Dublan, Marc"]
[Result "1/2-1/2"]
[WhiteElo "2493"]
[BlackElo "2511"]
[PlyCount "64"]
[EventDate "2006.11.22"]
[EventType "tourn"]
[EventRounds "5"]
[EventCountry "ESP"]
[EventCategory "9"]
[Source "lmi"]
[SourceDate "2006.11.22"]

1. d4 Nf6 2. c4 g6 3. Nc3 Bg7 4. e4 d6 5. Be2 O-O 6. Bg5 Na6 7. f4 c6 8. Nf3
Nc7 9. Bh4 d5 10. cxd5 cxd5 11. e5 Ne4 12. O-O Bg4 13. h3 Bxf3 14. Bxf3 Nxc3
15. bxc3 Qd7 16. Rb1 b5 17. g4 e6 18. Qd3 f6 19. Bg3 fxe5 20. dxe5 Rab8 21. Bg2
Rb6 22. f5 gxf5 23. gxf5 exf5 24. e6 Nxe6 25. Rxf5 d4 26. Rfxb5 Kh8 27. Rxb6
axb6 28. cxd4 Nf4 29. Bxf4 Qxd4+ 30. Qxd4 Bxd4+ 31. Kh2 Rxf4 32. Rf1 Rxf1
1/2-1/2

[Event "España ch 2006 Grupo A"]
[Site "Leon ESP"]
[Date "2006.11.25"]
[Round "4.3"]
[White "Rivas Pastor, Manuel"]
[Black "Del Rio Angelis, Salvador Gabriel"]
[Result "0-1"]
[WhiteElo "2511"]
[BlackElo "2492"]
[PlyCount "152"]
[EventDate "2006.11.22"]
[EventType "tourn"]
[EventRounds "5"]
[EventCountry "ESP"]
[EventCategory "9"]
[Source "lmi"]
[SourceDate "2006.11.22"]

1. d4 e6 2. c4 Nf6 3. Nf3 c5 4. Nc3 cxd4 5. Nxd4 a6 6. g3 Qc7 7. Qd3 Nc6 8.
Nxc6 Qxc6 9. e4 b6 10. Bg2 Bb7 11. Bd2 Ng4 12. Qe2 Ne5 13. b3 d6 14. O-O Be7
15. Rfd1 O-O 16. Rac1 Qc7 17. h3 Rac8 18. Kh2 Qb8 19. Be3 Bc6 20. a4 Rfe8 21.
Rc2 Nd7 22. Rb1 Bf6 23. Qd1 Nc5 24. f3 Rcd8 25. Bf2 a5 26. Bd4 Bxd4 27. Qxd4
Qb7 28. Rd2 Qe7 29. h4 h6 30. Bh3 Kf8 31. Kg1 Kg8 32. Kf2 Qc7 33. Bf1 Rf8 34.
Bh3 Rfe8 35. Re2 Qb8 36. Re3 Qc7 37. Rb2 Qe7 38. Kg1 Kf8 39. Kh2 Kg8 40. Qd1
Qc7 41. Rd2 Nb7 42. Red3 Rb8 43. Ne2 e5 44. Nc3 Rbd8 45. Nb1 Kf8 46. Na3 Nc5
47. Rc3 Qe7 48. Re2 g6 49. Nc2 Kg7 50. Ne3 Qf6 51. Ng4 Qe7 52. Ne3 Qf6 53. Rd2
h5 54. Qb1 Kg8 55. Nd1 Qe7 56. Rg2 Rf8 57. Ne3 Qf6 58. Qd1 Kh7 59. Kg1 Kh8 60.
Rf2 Rg8 61. Ng2 g5 62. Kf1 gxh4 63. gxh4 Rg3 64. Bf5 Qh6 65. Ke2 Bxe4 66. Ne3
Rxf3 67. Rxf3 Bxf3+ 68. Kxf3 Qf4+ 69. Ke2 Rg8 70. Kd2 Rg3 71. Qxh5+ Kg7 72. Qe2
Qxh4 73. Kc2 Qg5 74. Qf2 Kf8 75. Kb2 e4 76. Qd2 Nd3+ 0-1

[Event "España ch 2006 Grupo B"]
[Site "Leon ESP"]
[Date "2006.11.25"]
[Round "4.3"]
[White "Arizmendi Martinez, Julen Luis"]
[Black "Perez Candelario, Manuel"]
[Result "0-1"]
[WhiteElo "2540"]
[BlackElo "2496"]
[PlyCount "80"]
[EventDate "2006.11.22"]
[EventType "tourn"]
[EventRounds "5"]
[EventCountry "ESP"]
[EventCategory "9"]
[Source "lmi"]
[SourceDate "2006.11.22"]

1. e4 e5 2. Nf3 Nc6 3. Bb5 a6 4. Ba4 Nf6 5. O-O Be7 6. Re1 b5 7. Bb3 d6 8. c3
O-O 9. h3 Bb7 10. d4 Re8 11. a4 h6 12. Nbd2 exd4 13. cxd4 Nb4 14. d5 Nd7 15.
axb5 Bf6 16. Bc4 Nc5 17. bxa6 Bxa6 18. Bxa6 Nbxa6 19. Nb3 Rxe4 20. Rxe4 Nxe4
21. Nbd4 Nac5 22. Nc6 Qe8 23. Rxa8 Qxa8 24. Be3 Bxb2 25. Bxc5 Nxc5 26. Qc2 Bf6
27. Qf5 Qe8 28. g3 Nd7 29. Kg2 g6 30. Qf4 Kg7 31. Nh2 h5 32. Nf1 Bb2 33. Ne3
Nf6 34. Qc4 Ba3 35. g4 Bc5 36. Kf3 hxg4+ 37. hxg4 Qh8 38. Nb4 Qh3+ 39. Ke2 Bxe3
40. fxe3 Nxg4 0-1

[Event "España ch 2006 Grupo A"]
[Site "Leon ESP"]
[Date "2006.11.26"]
[Round "5.1"]
[White "Del Rio Angelis, Salvador Gabriel"]
[Black "Herraiz Hidalgo, Herminio"]
[Result "1/2-1/2"]
[WhiteElo "2492"]
[BlackElo "2493"]
[PlyCount "51"]
[EventDate "2006.11.22"]
[EventType "tourn"]
[EventRounds "5"]
[EventCountry "ESP"]
[EventCategory "9"]
[Source "lmi"]
[SourceDate "2006.11.22"]

1. e4 c5 2. Nf3 Nc6 3. d4 cxd4 4. Nxd4 Qb6 5. Nb3 Nf6 6. Nc3 e6 7. Be2 Bb4 8.
O-O O-O 9. Qd3 Bxc3 10. bxc3 d5 11. exd5 exd5 12. Bf4 Re8 13. Bf3 Ne5 14. Bxe5
Rxe5 15. Qd4 Qxd4 16. Nxd4 Bg4 17. Bxg4 Nxg4 18. Rfb1 Re7 19. Rb5 Nf6 20. Rab1
Rae8 21. f3 b6 22. Kf2 Rc8 23. R1b3 Rec7 24. a4 Rxc3 25. R5b4 R3c4 26. Rb2
1/2-1/2

[Event "España ch 2006 Grupo A"]
[Site "Leon ESP"]
[Date "2006.11.26"]
[Round "5.2"]
[White "Garcia Castro, Pablo"]
[Black "Rivas Pastor, Manuel"]
[Result "1/2-1/2"]
[WhiteElo "2390"]
[BlackElo "2511"]
[PlyCount "92"]
[EventDate "2006.11.22"]
[EventType "tourn"]
[EventRounds "5"]
[EventCountry "ESP"]
[EventCategory "9"]
[Source "lmi"]
[SourceDate "2006.11.22"]

1. e4 g6 2. Nc3 Bg7 3. g3 c5 4. Bg2 Nc6 5. d3 d6 6. f4 e5 7. Nh3 Nge7 8. O-O
exf4 9. Bxf4 h6 10. Qd2 Be6 11. Be3 g5 12. Kh1 Qd7 13. Ng1 Ne5 14. Nf3 N7c6 15.
Nd5 Nxf3 16. Bxf3 Ne5 17. Bg2 Bxd5 18. exd5 f5 19. d4 cxd4 20. Bxd4 O-O 21. b3
b6 22. a4 Rae8 23. a5 b5 24. Rac1 Rc8 25. Bh3 Rf7 26. Rf2 a6 27. Rcf1 Rcf8 28.
Kg1 Ng6 29. Qd3 g4 30. Bg2 Qc7 31. Bxg7 Kxg7 32. Rxf5 Rxf5 33. Rxf5 Ne5 34. Qe4
Rxf5 35. Qxf5 Qxa5 36. Be4 Qe1+ 37. Kg2 Qe2+ 38. Kh1 Qd1+ 39. Kg2 Qd2+ 40. Kh1
a5 41. Qh7+ Kf8 42. Qf5+ Nf7 43. Qc8+ Ke7 44. Qe6+ Kf8 45. Qc8+ Ke7 46. Qe6+
Kf8 1/2-1/2

[Event "España ch 2006 sf"]
[Site "Leon ESP"]
[Date "2006.11.27"]
[Round "6.2"]
[White "Del Rio Angelis, Salvador Gabriel"]
[Black "Gomez Esteban, Juan Mario"]
[Result "1-0"]
[WhiteElo "2492"]
[BlackElo "2486"]
[PlyCount "105"]
[EventDate "2006.11.22"]
[EventType "k.o."]
[EventCountry "ESP"]
[Source "lmi"]
[SourceDate "2006.11.22"]

1. e4 c6 2. d4 d5 3. e5 Bf5 4. Nf3 e6 5. Be2 Nd7 6. O-O Bg6 7. Nbd2 Nh6 8. Nb3
Qc7 9. a4 O-O-O 10. a5 a6 11. Bf4 Be7 12. Qd2 Nf5 13. Rfc1 Bh5 14. c4 dxc4 15.
Rxc4 Bxf3 16. Bxf3 g5 17. Qc1 Kb8 18. Bxg5 Bxg5 19. Qxg5 f6 20. Qc1 fxe5 21.
Rb4 Ka8 22. dxe5 Nxe5 23. Be2 Qd6 24. Qc3 Nd3 25. Bxd3 Qxd3 26. Nc5 Qd1+ 27.
Qe1 Qxe1+ 28. Rxe1 Rd5 29. Rc4 e5 30. b4 Nd6 31. Rh4 e4 32. Rb1 h5 33. Nxe4 Rd4
34. f3 Nf5 35. Rf4 Ne3 36. Rf7 Rg8 37. g3 h4 38. Kf2 Ng4+ 39. fxg4 Rxe4 40. Rf4
Rxf4+ 41. gxf4 Rxg4 42. Kf3 Rg8 43. f5 Kb8 44. Kf4 Kc7 45. Rd1 Rg2 46. h3 Rb2
47. Rd4 c5 48. bxc5 Kc6 49. f6 Kxc5 50. Rd3 Rf2+ 51. Rf3 Rd2 52. f7 Rd8 53. Ke5
1-0

[Event "España ch 2006 Scheveningen"]
[Site "Leon ESP"]
[Date "2006.11.27"]
[Round "6.1"]
[White "Arizmendi Martinez, Julen Luis"]
[Black "Narciso Dublan, Marc"]
[Result "1-0"]
[WhiteElo "2540"]
[BlackElo "2511"]
[PlyCount "63"]
[EventDate "2006.11.22"]
[EventType "schev"]
[EventRounds "9"]
[EventCountry "ESP"]
[EventCategory "9"]
[Source "lmi"]
[SourceDate "2006.11.22"]

1. e4 d6 2. d4 Nf6 3. Nc3 g6 4. Nf3 Bg7 5. Be2 O-O 6. O-O c6 7. h3 Nbd7 8. e5
Ne8 9. Re1 Nc7 10. Bf1 dxe5 11. dxe5 Ne6 12. a4 Qc7 13. Qe2 a5 14. Qe4 Nec5 15.
Qf4 Na6 16. Bd2 Nb4 17. Rac1 b6 18. Qg3 e6 19. Bf4 Bb7 20. Qh4 c5 21. Ne4 Bxe4
22. Rxe4 Nc6 23. Rce1 Nd4 24. Nxd4 cxd4 25. Bb5 Rfd8 26. Rxd4 Nxe5 27. Bxe5
Bxe5 28. Rxe5 Rxd4 29. Qxd4 Rd8 30. Qc3 Rd1+ 31. Bf1 Qd7 32. b3 1-0

[Event "España ch 2006 Scheveningen"]
[Site "Leon ESP"]
[Date "2006.11.27"]
[Round "6.2"]
[White "Fernandez Garcia, Jose Luis"]
[Black "Herraiz Hidalgo, Herminio"]
[Result "1/2-1/2"]
[WhiteElo "2470"]
[BlackElo "2493"]
[PlyCount "29"]
[EventDate "2006.11.22"]
[EventType "schev"]
[EventRounds "9"]
[EventCountry "ESP"]
[EventCategory "9"]
[Source "lmi"]
[SourceDate "2006.11.22"]

1. e4 e6 2. Nf3 d5 3. exd5 exd5 4. d4 Nf6 5. Bd3 c5 6. O-O c4 7. Re1+ Be7 8.
Bf1 O-O 9. Bg5 Nc6 10. c3 Re8 11. Nbd2 Be6 12. Qc2 h6 13. Bh4 Nh5 14. Bxe7 Rxe7
15. Ne5 1/2-1/2

[Event "España ch 2006 Scheveningen"]
[Site "Leon ESP"]
[Date "2006.11.27"]
[Round "6.4"]
[White "Lopez Martinez, Josep Manuel"]
[Black "Garcia Castro, Pablo"]
[Result "1-0"]
[WhiteElo "2508"]
[BlackElo "2390"]
[PlyCount "69"]
[EventDate "2006.11.22"]
[EventType "schev"]
[EventRounds "9"]
[EventCountry "ESP"]
[EventCategory "9"]
[Source "lmi"]
[SourceDate "2006.11.22"]

1. d4 Nf6 2. c4 e5 3. dxe5 Ng4 4. Nh3 Nxe5 5. e3 d6 6. Nf4 g6 7. Nc3 Bg7 8. Be2
O-O 9. O-O a5 10. Bd2 Nbd7 11. Rc1 Nc5 12. Na4 Ne4 13. Be1 b6 14. Nd5 Re8 15.
Nf4 Bb7 16. b3 Qd7 17. Nc3 Nc5 18. Ncd5 Qd8 19. a3 Bc6 20. Rb1 Bd7 21. Rc1 h5
22. Nc3 Bg4 23. f3 Bd7 24. Kh1 Nc6 25. Nfd5 Ne5 26. b4 axb4 27. axb4 Na4 28.
Qb3 Bc6 29. Nb5 Nb2 30. Rc2 Ra1 31. Rxb2 Nxc4 32. Bxc4 Bxb2 33. Qxb2 Bxd5 34.
Bxd5 Rd1 35. Bxf7+ 1-0

[Event "España ch 2006 sf"]
[Site "Leon ESP"]
[Date "2006.11.28"]
[Round "7.2"]
[White "Gomez Esteban, Juan Mario"]
[Black "Del Rio Angelis, Salvador Gabriel"]
[Result "1/2-1/2"]
[WhiteElo "2486"]
[BlackElo "2492"]
[PlyCount "67"]
[EventDate "2006.11.22"]
[EventType "k.o."]
[EventCountry "ESP"]
[Source "lmi"]
[SourceDate "2006.11.22"]

1. d4 Nf6 2. c4 e6 3. Nc3 Bb4 4. Qc2 d5 5. a3 Bxc3+ 6. Qxc3 Ne4 7. Qc2 c5 8.
dxc5 Nc6 9. Nf3 Qa5+ 10. Bd2 Nxd2 11. Qxd2 dxc4 12. Qxa5 Nxa5 13. e3 Nb3 14.
Rd1 c3 15. Bb5+ Ke7 16. Nd4 Nxd4 17. Rxd4 cxb2 18. Rb4 Rd8 19. Rxb2 Bd7 20. Ke2
Rac8 21. Rhb1 Rc7 22. Bxd7 Rdxd7 23. Rb5 b6 24. cxb6 Rc2+ 25. Kf3 axb6 26. Rxb6
Rdd2 27. Rf1 Ra2 28. Rb7+ Kf6 29. Kg3 Kg6 30. h4 h5 31. Ra7 Rd3 32. a4 Rda3 33.
Rb1 Rxa4 34. Rxa4 1/2-1/2

[Event "España ch 2006 Scheveningen"]
[Site "Leon ESP"]
[Date "2006.11.28"]
[Round "7.1"]
[White "Narciso Dublan, Marc"]
[Black "Fernandez Garcia, Jose Luis"]
[Result "1-0"]
[WhiteElo "2511"]
[BlackElo "2470"]
[PlyCount "89"]
[EventDate "2006.11.22"]
[EventType "schev"]
[EventRounds "9"]
[EventCountry "ESP"]
[EventCategory "9"]
[Source "lmi"]
[SourceDate "2006.11.22"]

1. c4 Nf6 2. Nc3 e5 3. Nf3 Nc6 4. d3 Bb4 5. Bd2 O-O 6. g3 Re8 7. Bg2 Bxc3 8.
Bxc3 d5 9. cxd5 Nxd5 10. O-O Bg4 11. h3 Bh5 12. Re1 Qd6 13. Qb3 Nb6 14. Nd2
Rab8 15. Rac1 Nd4 16. Bxd4 exd4 17. Ne4 Qe7 18. Rc5 Bg6 19. Ra5 Nc8 20. e3 dxe3
21. Rxe3 Qf8 22. h4 Re6 23. h5 Bxe4 24. Bxe4 a6 25. Rf3 Nd6 26. Qxe6 fxe6 27.
Rxf8+ Rxf8 28. Re5 Rf6 29. Kg2 h6 30. f4 Kf7 31. Kf3 Ke7 32. g4 Kd7 33. g5 Rf8
34. Kg4 Nf7 35. Ra5 c6 36. Bg6 Nd6 37. Re5 Rd8 38. f5 exf5+ 39. Bxf5+ Nxf5 40.
Kxf5 hxg5 41. Kg6 g4 42. Kxg7 Kd6 43. Rg5 Ke6 44. h6 Rd7+ 45. Kg6 1-0

[Event "España ch 2006 Scheveningen"]
[Site "Leon ESP"]
[Date "2006.11.28"]
[Round "7.2"]
[White "Herraiz Hidalgo, Herminio"]
[Black "Illescas Cordoba, Miguel"]
[Result "1/2-1/2"]
[WhiteElo "2493"]
[BlackElo "2620"]
[PlyCount "25"]
[EventDate "2006.11.22"]
[EventType "schev"]
[EventRounds "9"]
[EventCountry "ESP"]
[EventCategory "9"]
[Source "lmi"]
[SourceDate "2006.11.22"]

1. Nf3 Nf6 2. c4 d6 3. d4 g6 4. Nc3 Bf5 5. Nh4 Bd7 6. e4 e5 7. Nf3 exd4 8. Nxd4
Bg7 9. Be2 Nc6 10. Be3 O-O 11. O-O Re8 12. f3 Nh5 13. Qd2 1/2-1/2

[Event "España ch 2006 Scheveningen"]
[Site "Leon ESP"]
[Date "2006.11.28"]
[Round "7.3"]
[White "Rivas Pastor, Manuel"]
[Black "Lopez Martinez, Josep Manuel"]
[Result "0-1"]
[WhiteElo "2511"]
[BlackElo "2508"]
[PlyCount "142"]
[EventDate "2006.11.22"]
[EventType "schev"]
[EventRounds "9"]
[EventCountry "ESP"]
[EventCategory "9"]
[Source "lmi"]
[SourceDate "2006.11.22"]

1. d4 Nf6 2. Nf3 d5 3. c4 e6 4. Nc3 Bb4 5. cxd5 exd5 6. Bg5 O-O 7. e3 c5 8. Be2
Nbd7 9. O-O Qa5 10. dxc5 Bxc3 11. bxc3 Ne4 12. Qxd5 Nxc3 13. Qd2 Nxc5 14. Bh4
N5e4 15. Qe1 Nxe2+ 16. Qxe2 Bg4 17. Bg3 Qh5 18. h3 Nxg3 19. fxg3 Bd7 20. g4 Qa5
21. Nd4 Rae8 22. Rf3 Be6 23. Nxe6 Rxe6 24. Rd1 Re7 25. Rd4 Rfe8 26. Qd2 Qxd2
27. Rxd2 g6 28. Kf2 Rc8 29. g5 Kg7 30. h4 Rc4 31. Rf4 Rc3 32. Re2 h6 33. gxh6+
Kxh6 34. g4 Rc5 35. Rd2 g5 36. hxg5+ Rxg5 37. Kf3 Rge5 38. e4 Kg6 39. Rd6+ R5e6
40. Rxe6+ Rxe6 41. Ke3 Ra6 42. Rf2 Ra3+ 43. Kf4 b5 44. Ke5 b4 45. Kd4 Rg3 46.
Rf4 a5 47. Kc4 Rc3+ 48. Kb5 Ra3 49. Rf2 f6 50. Kb6 Kg5 51. Kb5 Kxg4 52. Rxf6
Rxa2 53. e5 b3 54. Kc4 a4 55. Rf1 b2 56. Rb1 a3 57. e6 Ra1 58. e7 Rxb1 59. e8=Q
Rc1+ 60. Kd4 Rd1+ 61. Kc3 b1=Q 62. Qe2+ Kf5 63. Qh5+ Ke6 64. Qg4+ Ke7 65. Qh4+
Ke8 66. Qh5+ Kd8 67. Qh4+ Kd7 68. Qg4+ Kc7 69. Qc4+ Kb7 70. Qf7+ Ka6 71. Qe6+
Ka7 0-1

[Event "España ch 2006 Scheveningen"]
[Site "Leon ESP"]
[Date "2006.11.28"]
[Round "7.4"]
[White "Garcia Castro, Pablo"]
[Black "Arizmendi Martinez, Julen Luis"]
[Result "0-1"]
[WhiteElo "2390"]
[BlackElo "2540"]
[PlyCount "85"]
[EventDate "2006.11.22"]
[EventType "schev"]
[EventRounds "9"]
[EventCountry "ESP"]
[EventCategory "9"]
[Source "lmi"]
[SourceDate "2006.11.22"]

1. Nf3 Nf6 2. g3 d5 3. Bg2 c6 4. O-O Bf5 5. b3 e6 6. Bb2 h6 7. d3 Be7 8. e3 O-O
9. Qe2 a5 10. a4 Bh7 11. Kh1 Na6 12. Ne1 Nd7 13. f4 Bf6 14. d4 c5 15. c3 Nc7
16. Nd2 Ne8 17. Nd3 Rc8 18. Ne5 Nd6 19. Rac1 Be7 20. Ba3 Nxe5 21. dxe5 Ne4 22.
Nxe4 Bxe4 23. Bxe4 dxe4 24. Rfd1 Qb6 25. Rd7 Rfd8 26. Rxd8+ Rxd8 27. Qc4 Rd2
28. Re1 Qc6 29. Re2 Rd1+ 30. Kg2 h5 31. Rf2 g6 32. h3 Kg7 33. g4 hxg4 34. hxg4
b6 35. Bb2 Bh4 36. Re2 Qa8 37. b4 Qh8 38. Qb3 Bg3 39. Kxg3 Rh1 40. f5 Qh3+ 41.
Kf4 Qf3+ 42. Kg5 Rh5+ 43. gxh5 0-1

[Event "España ch 2006 final"]
[Site "Leon ESP"]
[Date "2006.11.29"]
[Round "1"]
[White "Del Rio Angelis, Salvador Gabriel"]
[Black "Vallejo Pons, Francisco"]
[Result "1/2-1/2"]
[WhiteElo "2492"]
[BlackElo "2674"]
[PlyCount "129"]
[EventDate "2006.11.22"]
[EventType "k.o."]
[EventCountry "ESP"]
[Source "lmi"]
[SourceDate "2006.11.22"]

1. e4 c5 2. Nf3 d6 3. d4 cxd4 4. Nxd4 Nf6 5. Nc3 a6 6. Bg5 e6 7. f4 Qb6 8. Qd2
Qxb2 9. Rb1 Qa3 10. e5 h6 11. Bxf6 gxf6 12. exd6 Qxd6 13. Ne4 Qd8 14. Qc3 Be7
15. Be2 b5 16. Rd1 b4 17. Qc4 Nd7 18. Bh5 Nb6 19. Qc6+ Bd7 20. Nd6+ Bxd6 21.
Qxd6 Nc4 22. Nxe6 Nxd6 23. Nxd8 Ke7 24. Rxd6 Rhxd8 25. Rb6 Rdb8 26. Rxb8 Rxb8
27. Kd2 Be6 28. Ra1 Rb5 29. Be2 Ra5 30. Kc1 Ra3 31. Kb2 a5 32. f5 Bxf5 33. Bc4
Be6 34. Re1 f5 35. Bb3 a4 36. Bxe6 fxe6 37. Re5 Rc3 38. Rb5 Rc4 39. Kc1 Rd4 40.
Ra5 a3 41. Ra4 Rg4 42. g3 h5 43. c3 Rc4 44. Kd1 Rxc3 45. Rxb4 e5 46. Rh4 Kf6
47. Kd2 Rf3 48. Ke2 Rc3 49. Kd2 Rc8 50. Rxh5 Rb8 51. Rh6+ Kg5 52. Re6 e4 53.
Ke3 Rb2 54. h4+ Kg4 55. Rg6+ Kh3 56. h5 Rxa2 57. h6 Rh2 58. Kf4 Kg2 59. Ra6 e3
60. Kxe3 Rh3 61. Kf4 Rxg3 62. h7 Rh3 63. Rxa3 Rh4+ 64. Kxf5 Rxh7 65. Ke5
1/2-1/2

[Event "España ch 2006 Puestos 3-4"]
[Site "Leon ESP"]
[Date "2006.11.29"]
[Round "1"]
[White "Gomez Esteban, Juan Mario"]
[Black "Perez Candelario, Manuel"]
[Result "1-0"]
[WhiteElo "2486"]
[BlackElo "2496"]
[PlyCount "117"]
[EventDate "2006.11.22"]
[EventType "k.o."]
[EventCountry "ESP"]
[Source "lmi"]
[SourceDate "2006.11.22"]

1. d4 d5 2. c4 e6 3. Nc3 Nf6 4. Nf3 dxc4 5. e4 Bb4 6. Bg5 b5 7. a3 Bxc3+ 8.
bxc3 h6 9. Bxf6 gxf6 10. a4 c6 11. g3 Bb7 12. Bg2 Nd7 13. O-O a6 14. Nh4 Qe7
15. d5 Ne5 16. d6 Qd8 17. f4 Nd3 18. e5 fxe5 19. fxe5 Qg5 20. Nf3 Qe3+ 21. Kh1
c5 22. Ra2 Rd8 23. Re2 Bxf3 24. Rxf3 Qg5 25. axb5 axb5 26. Rxd3 cxd3 27. Bc6+
Kf8 28. Qxd3 b4 29. cxb4 cxb4 30. Kg2 Kg7 31. Qd4 Rb8 32. h4 Qg6 33. Be4 Qg4
34. Rf2 Rhf8 35. Rf4 Qe2+ 36. Rf2 Qg4 37. Qe3 Rb5 38. Rf6 Qh5 39. Bf3 Qxe5 40.
Qxh6+ Kg8 41. d7 Rd5 42. Bxd5 Qxd5+ 43. Kh2 Ra8 44. Rf2 Ra1 45. d8=R+ Qxd8 46.
Qh5 Qe7 47. Rf4 Ra2+ 48. Kh3 f5 49. Qg6+ Kf8 50. Rc4 Ra8 51. Qh6+ Qg7 52. Qxe6
Qf7 53. Qd6+ Qe7 54. Qd5 Ra6 55. Qxf5+ Rf6 56. Rc8+ Kf7 57. Qh7+ Ke6 58. Rc6+
Kd7 59. Rc7+ 1-0

[Event "España ch 2006 Scheveningen"]
[Site "Leon ESP"]
[Date "2006.11.29"]
[Round "8.1"]
[White "Illescas Cordoba, Miguel"]
[Black "Narciso Dublan, Marc"]
[Result "1/2-1/2"]
[WhiteElo "2620"]
[BlackElo "2511"]
[PlyCount "51"]
[EventDate "2006.11.22"]
[EventType "schev"]
[EventRounds "9"]
[EventCountry "ESP"]
[EventCategory "9"]
[Source "lmi"]
[SourceDate "2006.11.22"]

1. d4 d5 2. c4 e6 3. Nf3 Nf6 4. Nc3 Be7 5. Qc2 O-O 6. cxd5 exd5 7. Bg5 Nbd7 8.
e3 c6 9. Bd3 Re8 10. h3 Nf8 11. Bf4 Ng6 12. Bh2 Bd6 13. Bxd6 Qxd6 14. O-O Qe7
15. Rae1 Ne4 16. Bxe4 dxe4 17. Nd2 f5 18. f3 exf3 19. Nxf3 Be6 20. e4 fxe4 21.
Rxe4 Qd7 22. Ng5 Bc4 23. Rfe1 Rxe4 24. Qxe4 Rd8 25. b3 Bf7 26. Nxf7 1/2-1/2

[Event "España ch 2006 Scheveningen"]
[Site "Leon ESP"]
[Date "2006.11.29"]
[Round "8.2"]
[White "Lopez Martinez, Josep Manuel"]
[Black "Herraiz Hidalgo, Herminio"]
[Result "1/2-1/2"]
[WhiteElo "2508"]
[BlackElo "2493"]
[PlyCount "24"]
[EventDate "2006.11.22"]
[EventType "schev"]
[EventRounds "9"]
[EventCountry "ESP"]
[EventCategory "9"]
[Source "lmi"]
[SourceDate "2006.11.22"]

1. e4 e6 2. d4 d5 3. Nc3 Nf6 4. Bg5 Bb4 5. e5 h6 6. Bd2 Bxc3 7. bxc3 Ne4 8. Qg4
Kf8 9. Bd3 Nxd2 10. Kxd2 c5 11. Nf3 c4 12. Be2 Nc6 1/2-1/2